Die größte Stadt pro Bundesland - Statistiken

Allgemein
  • Dieses Quiz wurde 230 mal gespielt
    209 seit der letzten Aktualisierung
  • Das Durchschnittsergebnis liegt bei 11 aus 16
Antwortstatistiken
Hint Antwort % Korrekt
3,669,491 Berlin (Berlin)
100%
1,847,253 Hamburg (Hamburg)
99%
1,484,226 München (Bayern)
95%
1,087,863 Köln (NRW)
92%
635,911 Stuttgart (Baden-Württemberg)
86%
763,380 Frankfurt am Main (Hessen)
85%
593,145 Leipzig (Sachsen)
77%
567,559 Bremen (Bremen)
68%
536,925 Hannover (Niedersachsen)
68%
180,374 Saarbrücken (Saarland)
59%
246,794 Kiel (Schleswig-Holstein)
56%
218,578 Mainz (Rheinland-Pfalz)
51%
213.835 Erfurt (Thüringen)
48%
180,334 Potsdam (Brandenburg)
47%
209,191 Rostock (Mecklenburg-Vorpommern)
45%
238,762 Halle (Saale) (Sachsen-Anhalt)
39%
Keine übereinstimmenden Quizze gefunden
Verteilung der Resultate
Anzahl Personen mit jedem Resultat
Perzentil nach korrekt beantworteten Fragen
Ihre Resultats-Entwicklung
Sie haben dieses Quiz seit der letzten Aktualisierung nicht gespielt